| 000 | 00908nam a22003137a 4500 | ||
|---|---|---|---|
| 003 | CHAP | ||
| 005 | 20220817040942.0 | ||
| 008 | 971013s1982 r 00010 d | ||
| 010 | _a3334 | ||
| 011 | _a4306 | ||
| 035 | _a3508 | ||
| 040 | _cCHAP | ||
| 090 | _aFolleto 12919 | ||
| 100 | 0 | 0 |
_aAccatino, Primo. _9412 |
| 245 | _aPotato production from true seed | ||
| 260 |
_aLima : _bCentro Internacional de la Papa, _c1982 |
||
| 300 |
_a20 p. _b: ilus |
||
| 500 | _aD49-150 | ||
| 590 |
_aBATCH-UPD _b10 _c20130110 _lUCH01 _h0154 |
||
| 590 |
_aBATCH-UPD _b10 _c20130110 _lUCH01 _h1326 |
||
| 590 |
_aCONVERSION _b10 _c20130109 _lUCH01 _h1303 |
||
| 650 | 1 | 4 |
_aPapa _xRendimiento. _985284 |
| 650 | 1 | 4 |
_aPapa _xSemilla. _985288 |
| 700 | 0 |
_aMalagamba, Patricio. _969981 |
|
| 710 | 0 | _aCentro Internacional de la Papa. | |
| 901 | _aBK | ||
| 942 | _cFOLL | ||
| 949 |
_aFolleto 12919 _bBC _cFOLL _d-13029 _eTS1 _i3508 _mD _si |
||
| 999 |
_c3334 _d3334 |
||